|
|
|
|
| LEADER |
00000nam0a2200000 4500 |
| 001 |
295223 |
| 005 |
20231102000804.0 |
| 035 |
|
|
|a (RuTPU)RU\TPU\book\320300
|
| 090 |
|
|
|a 295223
|
| 100 |
|
|
|a 20150521d1983 k y0rusy5003 ca
|
| 101 |
0 |
|
|a rus
|
| 102 |
|
|
|a RU
|
| 105 |
|
|
|a a z 001zy
|
| 200 |
1 |
|
|a Автоматический контроль, моделирование и управление в промышленности строительных материалов
|e сборник научных трудов
|f под ред. В. И. Кубанцева, Л. А. Добрина
|
| 210 |
|
|
|a Ленинград
|c Союзавтоматстром
|d 1983
|
| 215 |
|
|
|a 209 с.
|c ил.
|
| 320 |
|
|
|a Библиогр. в конце ст.
|
| 606 |
1 |
|
|a Строительные материалы
|2 stltpush
|3 (RuTPU)RU\TPU\subj\57441
|9 75303
|
| 610 |
1 |
|
|a управление
|
| 610 |
1 |
|
|a автоматизированные системы планирования
|
| 610 |
1 |
|
|a автоматизация
|
| 610 |
1 |
|
|a предприятия
|
| 610 |
1 |
|
|a автоматический контроль
|
| 610 |
1 |
|
|a моделирование
|
| 675 |
|
|
|a 691.002:658.012
|z rus
|v 3
|
| 702 |
|
1 |
|a Кубанцев
|b В. И.
|4 340
|
| 702 |
|
1 |
|a Добрин
|b Л. А.
|4 340
|
| 801 |
|
0 |
|a RU
|b RuMRKP
|c 19950704
|g psbo
|
| 801 |
|
1 |
|a RU
|b 63413507
|c 20150521
|
| 801 |
|
2 |
|a RU
|b 63413507
|c 20170724
|g RCR
|
| 942 |
|
|
|c BK
|